LIBRARY ONLINE CATALOGUE

Chemistry / (Record no. 2249)

MARC details
000 -LEADER
fixed length control field 00600nam a22002172 4500
001 - CONTROL NUMBER
control field 0000003852
005 - DATE AND TIME OF LATEST TRANSACTION
control field 20151217145741.0
008 - FIXED-LENGTH DATA ELEMENTS--GENERAL INFORMATION
fixed length control field 070515s xx 000 0 eng d
020 ## - INTERNATIONAL STANDARD BOOK NUMBER
International Standard Book Number 0073656011 :
Terms of availability KES 2,360
040 ## - CATALOGING SOURCE
Original cataloging agency KABU
Transcribing agency KABU
050 #0 - LIBRARY OF CONGRESS CALL NUMBER
Classification number QD31.2
Item number .C43 2002
100 1# - MAIN ENTRY--PERSONAL NAME
Personal name Chang, Raymond.
-- 0000030397
245 10 - TITLE STATEMENT
Title Chemistry /
Statement of responsibility, etc. Raymond Chang.
250 ## - EDITION STATEMENT
Edition statement 7th ed.
260 ## - PUBLICATION, DISTRIBUTION, ETC. (IMPRINT)
Place of publication, distribution, etc. Boston :
Name of publisher, distributor, etc. McGraw-Hill,
Date of publication, distribution, etc. 2002.
300 ## - PHYSICAL DESCRIPTION
Extent xxxii, 1001 p. ;
Dimensions 26 cm.
650 #0 - SUBJECT ADDED ENTRY--TOPICAL TERM
Topical term or geographic name as entry element Chemistry.
-- 0000148202
908 ## - PUT COMMAND PARAMETER (RLIN)
Put command parameter 070515
950 ## - LOCAL HOLDINGS (RLIN)
-- 1
Holdings
Withdrawn status Lost status Source of classification or shelving scheme Not for loan Home library Current library Date acquired Total Checkouts Total Renewals Full call number Barcode Date last seen Date last checked out Price effective from Koha item type
    Library of Congress Classification   Kabarak, Main Campus Kabarak, Main Campus 17/12/2015 13 1 QD31.2 .C43 2002 006230 09/12/2021 04/12/2021 17/12/2015 General Collection